Ghazal ek adhyayan (Record no. 15946)

000 -LEADER
fixed length control field 00465nam a22001811a 4500
020 ## - INTERNATIONAL STANDARD BOOK NUMBER
International Standard Book Number 9788185786919
Terms of availability 0.00
040 ## - CATALOGING SOURCE
Original cataloging agency SSUS - Library - Kalady
082 ## - DEWEY DECIMAL CLASSIFICATION NUMBER
Classification number H100 7
Item number CHA/G
100 ## - MAIN ENTRY--PERSONAL NAME
Personal name Chanan Gobind Puri
245 ## - TITLE STATEMENT
Title Ghazal ek adhyayan
Medium [Text]
260 ## - PUBLICATION, DISTRIBUTION, ETC.
Place of publication, distribution, etc. New Delhi
Name of publisher, distributor, etc. Seemanth
Date of publication, distribution, etc. 1996
300 ## - PHYSICAL DESCRIPTION
Extent 112p.
600 ## - SUBJECT ADDED ENTRY--PERSONAL NAME
Personal name Literature Hindi
600 ## - SUBJECT ADDED ENTRY--PERSONAL NAME
Personal name Literature
600 ## - SUBJECT ADDED ENTRY--PERSONAL NAME
Personal name Poetry Hindi
852 ## - LOCATION
-- 150.00
--
942 ## - ADDED ENTRY ELEMENTS (KOHA)
Koha item type Book
Holdings
Withdrawn status Lost status Damaged status Not for loan Permanent Location Current Location Date acquired Cost, normal purchase price Total Checkouts Full call number Barcode Date last seen Cost, replacement price Price effective from Koha item type
        Sree Sankaracharya University of Sanskrit Sree Sankaracharya University of Sanskrit 08.01.2015 150.00   H100 7 CHA/G 034398 08.01.2015 0.00 08.01.2015 Book